| 000 | 00659nam a22002177a 4500 | ||
|---|---|---|---|
| 005 | 20180723150246.0 | ||
| 008 | 100422t xxu||||| |||| 00| 0 eng d | ||
| 020 |
_a817154830X _c100.00 |
||
| 035 | _aB-60116,B-060120 | ||
| 037 | _bReference | ||
| 040 | _aDPL | ||
| 082 | _a000 | ||
| 245 | _aThe Britannica Quizmaster/ | ||
| 260 |
_aNew Delhi _bEncyclopaedia Britannica _c2001 |
||
| 260 |
_aMumbai _bPopular Prakashan _c2001 |
||
| 270 |
_aEncyclopaedia Britannica,New Delhi. _bNew Delhi. |
||
| 270 |
_aPopular Prakashan,Mumbai. _bMumbai. |
||
| 300 |
_a108p,; _c24cm.(Pbk) |
||
| 490 |
_aIndia Series _v2 |
||
| 942 |
_2ddc _cEN _h000 _mTHE |
||
| 999 |
_c35396 _d35396 |
||